00806nam a22002297a 450000500170000000800410001702000180005804000270007604100080010304400070011108200180011810000310013624500670016726000630023430000410029749000330033865000560037165000600042770000290048770000300051670000300054620170304123909.0170304b2011 ck ||||| |||| 00| 0 spa d a9789586709392 aCO-BoIAVH cCO-BoIAVH  aspa ack1 a597.176bF36p1 aFernández, Carloseautor10aPeces de la Quebrada El Venado en el Valle del Cauca, Colombia aSantiago de Cali:bEditorial Universidad del Valle,c2011. a136 páginasbfotografías a color aCiencias Naturales y Exactas 0aIctiologíazEl Venado (Quebrada, Valle del Cauca) 0aPeces tropicaleszEl Venado (Quebrada, Valle del Cauca)1 aIsaza G., Gustavoeautor1 aRubio R. Efrain A.eautor1 aRamirez, Maicol Y.eautor